000 00618nam a2200133Ia 4500
008 171212s9999 xx 000 0 und d
020 _a9780833029379
100 _aPreston, Robert;Johnson, Dana J.;Edwards, Sean J. A.;Miller, Michael D.;Shipbaugh, Calvin
245 _cPreston, Robert;Johnson, Dana J.;Edwards, Sean J. A.;Miller, Michael D.;Shipbaugh, Calvin
_aSpace Weapons Earth Wars
260 _bRAND Corporation
_c2002
650 _aSpace weapons; Space warfare; Astronautics, Military -- United States; United States -- Military policy
650 _aTechnology
856 _uwww.jstor.org/stable/10.7249/mr1209af
999 _c352549
_d352549